| 000 | 00390nam a22001337a 4500 | ||
|---|---|---|---|
| 082 |
_a954.91 _bMAR _cN-02,P-100 |
||
| 100 |
_aMarwan Khan _951817 |
||
| 245 | _aA decisive history of the 1965 indo-Pakistani war | ||
| 260 |
_aSwat, _bShoaib sons, _c2018. |
||
| 300 |
_a128p. _c22cm. |
||
| 526 |
_a0 _b0 _c0 _d954_910000000000000_MAR |
||
| 650 |
_aindo-pakistani war 1965 _951818 |
||
| 942 |
_2ddc _cBK |
||
| 999 |
_c554364 _d554364 |
||